000 00900nam a22002897a 4500
001 BR9606327
003 BR-BrBNA
005 20230928095259.0
007 ta
008 230509b bl.||||| |||| 00| 0 por d
040 _aBR-BrBNA
_bpor
_cBiblioteca Nacional de Agricultura
041 _a(Por)
072 _aP33
090 _ P33 BR9606327
100 1 _aHolanda, J.S. de
110 1 _aEscola Superior de Agricultura Luiz de Queiroz, Piracicaba, SP (Brasil)
_0Tese (Doutor em Agronomia)
245 1 _aManejo de solo salino-sodico na regiao do Baixo Acu RN
260 3 _aPiracicaba, SP (Brasil):
_c1996.
300 _a96 p.
500 _a12 tables; 8 illus.; Summaries (Eng, Por); Bibliography p. 68-75
650 _aManejo do Solo
650 _aAnalise do Solo
650 _aSolo Salino-Sodico
650 _aRio Grande do Norte
909 _a202309
_bLucia
_c55
_dLucia Elande
942 _cBK
999 _c55616
_d55616